Tile Select - National Parks - Statistics

General Stats
  • This quiz has been taken 84 times
  • The average score is 35 of 45
Answer Stats
Question Tile Select % Correct
parks which are in Alaska Denali Yes
99%
parks with more than 2 million visitors a year Grand Canyon Yes
97%
parks which have buffalo Yellowstone Yes
97%
parks with more than 2 million visitors a year Glacier Bay No
96%
parks which are in coastal states Zion No
96%
parks which are in Alaska Congaree No
95%
parks which have buffalo Indiana Dunes No
95%
parks which are in coastal states New River Gorge No
95%
parks which are in coastal states Biscayne Yes
93%
parks which are in Alaska Haleakala No
93%
parks which are in coastal states Olympic Yes
93%
parks which are in Alaska Pinnacles No
92%
parks with a maximum elevation below 4000 feet (1219 meters) Hot Springs Yes
91%
parks which have buffalo Theodore Roosevelt Yes
91%
parks which are in Alaska Wrangell–St. Ellias Yes
91%
parks which are in Alaska Channel Islands No
89%
parks which are in Alaska Katmai Yes
89%
parks which have buffalo Kings Canyon No
89%
parks which have buffalo Mammoth Cave No
89%
parks which are in Alaska Voyageurs No
88%
parks which are in coastal states North Cascades Yes
87%
parks with a maximum elevation below 4000 feet (1219 meters) Gateway Arch Yes
84%
parks which have buffalo Badlands Yes
83%
parks with a maximum elevation below 4000 feet (1219 meters) Black Canyon of the Gunnison No
83%
parks which are in coastal states Isle Royale No
82%
parks with a maximum elevation below 4000 feet (1219 meters) Crater Lake No
80%
parks which are in coastal states Lassen Volcanic Yes
80%
parks with a maximum elevation below 4000 feet (1219 meters) Acadia Yes
79%
parks which are in coastal states Capitol Reef No
79%
parks with a maximum elevation below 4000 feet (1219 meters) Kobuk Valley No
76%
parks with more than 2 million visitors a year Joshua Tree Yes
75%
parks which are in Alaska Lake Clark Yes
75%
parks which have buffalo Great Basin No
71%
parks with a maximum elevation below 4000 feet (1219 meters) Great Sand Dunes No
67%
parks which are in coastal states Shenandoah Yes
67%
parks with more than 2 million visitors a year Grand Teton Yes
66%
parks with a maximum elevation below 4000 feet (1219 meters) Big Bend No
63%
parks with a maximum elevation below 4000 feet (1219 meters) Carlsbad Caverns Yes
51%
parks with more than 2 million visitors a year Death Valley No
50%
parks with more than 2 million visitors a year Bryce Canyon Yes
42%
parks which have buffalo Wind Cave Yes
38%
parks which have buffalo Glacier No
37%
parks with more than 2 million visitors a year Everglades No
36%
parks with more than 2 million visitors a year Arches No
32%
parks with more than 2 million visitors a year Cuyahoga Valley Yes
28%
No matching quizzes found
Score Distribution
Percent of People with Each Score
Percentile by Number Answered
Your Score History
You have not taken this quiz